<?xml version="1.0" encoding="UTF-8"?>
<record
    xmlns:xsi="http://www.w3.org/2001/XMLSchema-instance"
    xsi:schemaLocation="http://www.loc.gov/MARC21/slim http://www.loc.gov/standards/marcxml/schema/MARC21slim.xsd"
    xmlns="http://www.loc.gov/MARC21/slim">

  <leader>01021nam a22002777a 4500</leader>
  <controlfield tag="005">20240530110359.0</controlfield>
  <controlfield tag="008">150118b2009    ua     g b    000 0 ara d</controlfield>
  <datafield tag="017" ind1=" " ind2=" ">
    <subfield code="a">2008/23011</subfield>
    <subfield code="b">&#x645;&#x635;&#x631; . &#x62F;&#x627;&#x631; &#x627;&#x644;&#x643;&#x62A;&#x628; &#x627;&#x644;&#x645;&#x635;&#x631;&#x64A;&#x629;</subfield>
  </datafield>
  <datafield tag="020" ind1=" " ind2=" ">
    <subfield code="a">9774311329</subfield>
  </datafield>
  <datafield tag="040" ind1=" " ind2=" ">
    <subfield code="a">EG-CaGPL</subfield>
  </datafield>
  <datafield tag="041" ind1="0" ind2=" ">
    <subfield code="a">ara</subfield>
  </datafield>
  <datafield tag="082" ind1="0" ind2="4">
    <subfield code="2">21</subfield>
    <subfield code="a">362.76\</subfield>
    <subfield code="b">&#x646; &#x623;</subfield>
  </datafield>
  <datafield tag="100" ind1="0" ind2=" ">
    <subfield code="a">&#x646;&#x627;&#x635;&#x631; &#x639;&#x644;&#x627;&#x645;</subfield>
  </datafield>
  <datafield tag="245" ind1="1" ind2="0">
    <subfield code="a">&#x627;&#x637;&#x641;&#x627;&#x644; &#x627;&#x644;&#x634;&#x648;&#x627;&#x631;&#x639; : </subfield>
    <subfield code="b">&#x642;&#x646;&#x628;&#x644;&#x629; &#x642;&#x64A;&#x62F; &#x627;&#x644;&#x627;&#x646;&#x641;&#x62C;&#x627;&#x631; /</subfield>
    <subfield code="c">&#x646;&#x627;&#x635;&#x631; &#x639;&#x644;&#x627;&#x645;</subfield>
  </datafield>
  <datafield tag="250" ind1=" " ind2=" ">
    <subfield code="a">&#x637; 1</subfield>
  </datafield>
  <datafield tag="260" ind1=" " ind2=" ">
    <subfield code="a">&#x627;&#x644;&#x642;&#x627;&#x647;&#x631;&#x629; : </subfield>
    <subfield code="b">&#x645;&#x624;&#x633;&#x633;&#x629; &#x637;&#x64A;&#x628;&#x629; &#x644;&#x644;&#x637;&#x628;&#x639; &#x648; &#x627;&#x644;&#x646;&#x634;&#x631; &#x60C;</subfield>
    <subfield code="c">2009</subfield>
  </datafield>
  <datafield tag="300" ind1=" " ind2=" ">
    <subfield code="a">176 &#x635; &#x61B;</subfield>
    <subfield code="c">24 &#x633;&#x645;</subfield>
  </datafield>
  <datafield tag="504" ind1=" " ind2=" ">
    <subfield code="a">&#x64A;&#x634;&#x62A;&#x645;&#x644; &#x639;&#x644;&#x649; &#x627;&#x631;&#x62C;&#x627;&#x639;&#x627;&#x62A; &#x628;&#x628;&#x644;&#x64A;&#x648;&#x62C;&#x631;&#x627;&#x641;&#x64A;&#x629;</subfield>
  </datafield>
  <datafield tag="650" ind1="0" ind2="4">
    <subfield code="a">&#x627;&#x637;&#x641;&#x627;&#x644; &#x627;&#x644;&#x634;&#x648;&#x627;&#x631;&#x639;</subfield>
  </datafield>
  <datafield tag="650" ind1="0" ind2="4">
    <subfield code="a">&#x627;&#x644;&#x639;&#x646;&#x641; &#x636;&#x62F; &#x627;&#x644;&#x627;&#x637;&#x641;&#x627;&#x644;</subfield>
  </datafield>
  <datafield tag="650" ind1="0" ind2="4">
    <subfield code="a">&#x627;&#x637;&#x641;&#x627;&#x644; &#x627;&#x644;&#x634;&#x648;&#x627;&#x631;&#x639;</subfield>
    <subfield code="x">&#x639;&#x644;&#x645; &#x646;&#x641;&#x633;</subfield>
  </datafield>
  <datafield tag="650" ind1="0" ind2="4">
    <subfield code="a">&#x627;&#x62A;&#x641;&#x627;&#x642;&#x64A;&#x629; &#x62D;&#x642;&#x648;&#x642; &#x627;&#x644;&#x637;&#x641;&#x644;</subfield>
  </datafield>
  <datafield tag="650" ind1="0" ind2="4">
    <subfield code="a">&#x627;&#x637;&#x641;&#x627;&#x644; &#x627;&#x644;&#x634;&#x648;&#x627;&#x631;&#x639;</subfield>
    <subfield code="x">&#x627;&#x644;&#x645;&#x634;&#x627;&#x643;&#x644; &#x627;&#x644;&#x627;&#x62C;&#x62A;&#x645;&#x627;&#x639;&#x64A;&#x629;</subfield>
  </datafield>
  <datafield tag="942" ind1=" " ind2=" ">
    <subfield code="2">ddc</subfield>
    <subfield code="c">BK</subfield>
  </datafield>
  <datafield tag="999" ind1=" " ind2=" ">
    <subfield code="c">60234</subfield>
    <subfield code="d">60234</subfield>
  </datafield>
  <datafield tag="952" ind1=" " ind2=" ">
    <subfield code="0">0</subfield>
    <subfield code="1">0</subfield>
    <subfield code="4">0</subfield>
    <subfield code="7">0</subfield>
    <subfield code="a">CAI</subfield>
    <subfield code="b">CAI</subfield>
    <subfield code="d">2015-01-18</subfield>
    <subfield code="l">0</subfield>
    <subfield code="o">362.76\ &#x646; &#x623;</subfield>
    <subfield code="p">159241</subfield>
    <subfield code="r">2015-01-18 00:00:00</subfield>
    <subfield code="w">2015-01-18</subfield>
    <subfield code="y">BK</subfield>
  </datafield>
</record>
